Представление документа в формате RUSMARC

ПолеНазваниеЗначение
  Тип записи a
  Библиографический уровень m
001 Контрольный номер RU/IS/BASE/285093129
005 Дата корректировки 20201206204521.5
010 Индекс ISBN __
d Цена 600-00
101 Язык документа __
a Язык текста rus
c Язык оригинала rus
200 Заглавие и сведения об ответственности 1_
a Заглавие Проектирование механических передач
e Сведения, относящиеся к заглавию учеб.-справ. пособие по курсовому проектированию механич. передач
f Первые сведения об ответственности [С. А. Чернавский и др.]
b Общее обозначение материала Текст
210 Выходные данные __
a Место издания М.
c Издательство Машиностроение
d Дата издания 1984
215 Физическое описание __
a Объем 560 с.
330 Аннотация __
a Аннотация Приведены основы конструирования, методы расчета и проектирования приводов машин и механизмов; зубчатых червячных редукторов, передач винт-гайка и гибкой связью. Даны рекомендации по выбору видов передач, оформлению документации курсового проектирования.
606 Тематические рубрики __
a Основная рубрика Машиностроение
606 Тематические рубрики __
a Основная рубрика Детали машин и механизмов
610 Ключевые слова __
a Ключевые слова проектирование механизмов; механические передачи; конструирование; редукторы; приводы; зубчатые передачи; ременные передачи; муфты
686 Индексы других классификаций __
a Классификационный индекс 34.445я73
701 Альтернативная интеллектуальная ответственность _1
a Фамилия Чернавский
b Имя С. А.
4 Код отношения 070
701 Альтернативная интеллектуальная ответственность _1
a Фамилия Снесарев
b Имя Г. А.
4 Код отношения 070
701 Альтернативная интеллектуальная ответственность _1
a Фамилия Козинцев
b Имя Б. С.
4 Код отношения 070
801 Источник записи _0
a Страна RU
b Организация Муниципальное бюджетное учреждение культуры "Централизованная библиотечная система" г. Сургут (Центральная городская библиотека им. А. С. Пушкина)
g Правила каталогизации КиК/Елгина
801 Источник записи _1
a Страна RU
b Организация Муниципальное бюджетное учреждение культуры "Централизованная библиотечная система" г. Сургут (Центральная городская библиотека им. А. С. Пушкина)
g Правила каталогизации КиК/Елгина
852 Данные о местонахождении __
j Шифр хранения 34.445я73
c Каталожный индекс 34.445я73
i Авторский знак П 79
p Инвентарный номер 59074
901 Тип документа __
t Тип документа m
903 Характеристики (МАРС) __
a Дата передачи 20070629
990 Данные о заказе (DOS) __
j Количество экземпляров (DOS) 1
t N записи в КСУ для И/У (DOS) ретро